[Event "Foment Martinenc op-C 21st"]
[Site "Barcelona"]
[Date "2019.06.01"]
[Round "6"]
[White "Alarcon Alarcon, Marina"]
[Black "Bernat Mor, Juli"]
[Result "0-1"]
[WhiteElo "1476"]
[BlackElo "1659"]
[PlyCount "79"]
[EventDate "2019.04.27"]
[EventType "swiss"]
[EventRounds "9"]
[EventCountry "ESP"]
[SourceTitle "EXT 2020"]
[Source "ChessBase"]
[SourceDate "2019.10.17"]
[SourceVersion "1"]
[SourceVersionDate "2019.10.17"]
[SourceQuality "1"]

1. e4 c6 2. Nf3 d5 3. e5 Bf5 4. d4 Na6 5. Be3 Nb4 6. Bd3 Nxd3+ 7. cxd3 Qb6 8. Qc2 Qb5 9. Nc3 Qxd3 10. Qxd3 Bxd3 11. 0-0-0 Bf5 12. h3 h6 13. Nh4 Bh7 14. f4 e6 15. g4 Be7 16. Bf2 Bb4 17. Na4 Be4 18. Rhg1 b6 19. a3 Be7 20. f5 Bg5+ 21. Rd2 Bxd2+ 22. Kxd2 Ne7 23. f6 gxf6 24. exf6 Nc8 25. Nc3 Nd6 26. Bg3 Nc4+ 27. Kc1 Bh7 28. Nf3 Rg8 29. Bf4 Be4 30. Nh4 h5 31. g5 0-0-0 32. a4 Nd6 33. b3 Nf5 34. Nxf5 Bxf5 35. h4 a6 36. b4 Kb7 37. Kd2 Rc8 38. Re1 c5 39. bxc5 bxc5 40. Rb1+ 0-1

[Event "Foment Martinenc op-C 21st"]
[Site "Barcelona"]
[Date "2019.05.11"]
[Round "3"]
[White "Gonzalez Mendiola, Nicolas"]
[Black "Alarcon Alarcon, Marina"]
[Result "1-0"]
[WhiteElo "1659"]
[BlackElo "1476"]
[PlyCount "171"]
[EventDate "2019.04.27"]
[EventType "swiss"]
[EventRounds "9"]
[EventCountry "ESP"]
[SourceTitle "EXT 2020"]
[Source "ChessBase"]
[SourceDate "2019.10.17"]
[SourceVersion "1"]
[SourceVersionDate "2019.10.17"]
[SourceQuality "1"]

1. Nf3 d6 2. g3 Nc6 3. Bg2 Nf6 4. a3 e5 5. d3 Be7 6. Nbd2 Bf5 7. Nh4 Bd7 8. h3 Rb8 9. e3 h6 10. Nb3 g5 11. Nf3 Be6 12. Nh2 Qd7 13. Bd2 Bd5 14. e4 Bxb3 15. cxb3 Nd4 16. Be3 Ne6 17. Rc1 c6 18. b4 a6 19. Ng4 h5 20. Nxf6+ Bxf6 21. 0-0 h4 22. g4 Nf4 23. Bxf4 gxf4 24. f3 0-0 25. Kh1 b5 26. Qe1 Bg5 27. Rf2 Rbc8 28. Rfc2 f6 29. Qf2 d5 30. Qb6 dxe4 31. Qxa6 exd3 32. Rd2 f5 33. Qb6 fxg4 34. Kh2 g3+ 35. Kh1 e4 36. Bf1 g2+ 37. Rxg2 Qxh3+ 38. Rh2 Qxf3+ 39. Bg2 Qe3 40. Qxe3 fxe3 41. Bxe4 e2 42. Re1 Kh8 43. Bxd3 Rf1+ 44. Rxf1 exf1Q+ 45. Bxf1 Rd8 46. Rc2 Rd1 47. Rf2 Kg7 48. Kh2 Ra1 49. Bg2 Rc1 50. Bh1 h3 51. Bf3 c5 52. bxc5 Rxc5 53. Kxh3 Rf5 54. Kg2 Bf6 55. Kf1 Kf8 56. Kg2 Rg5+ 57. Kh3 Rf5 58. Kg4 Re5 59. Bc6 Ke7 60. b3 Kd6 61. Rxf6+ Kc5 62. Ba8 Re3 63. Rf5+ Kb6 64. Bd5 Re1 65. Bf7 Rg1+ 66. Kh5 Rh1+ 67. Kg6 Rg1+ 68. Kh7 Ra1 69. Rf6+ Ka7 70. Rf5 Rxa3 71. Rxb5 Ra1 72. Bc4 Rh1+ 73. Kg6 Rg1+ 74. Rg5 Rxg5+ 75. Kxg5 Kb6 76. Kf5 Kc5 77. Ke5 Kb4 78. Kd5 Ka5 79. Kc6 Kb4 80. Bd5 Ka5 81. Kc5 Ka6 82. b4 Ka7 83. b5 Kb8 84. b6 Kc8 85. b7+ Kb8 86. Kd6 1-0

[Event "Almunecar FEDC op 21th"]
[Site "Almunecar"]
[Date "2018.10.04"]
[Round "3"]
[White "Mateos Gonzalez, Jose Antonio"]
[Black "Alarcon Alarcon, Marina"]
[Result "0-1"]
[WhiteElo "1037"]
[BlackElo "1192"]
[PlyCount "56"]
[EventDate "2018.10.02"]
[EventType "swiss"]
[EventRounds "7"]
[EventCountry "ESP"]
[SourceTitle "EXT 2024"]
[Source "ChessBase"]
[SourceDate "2023.10.10"]
[SourceVersion "1"]
[SourceVersionDate "2023.10.10"]
[SourceQuality "1"]

1. d4 d5 2. Nf3 Nf6 3. e3 Bg4 4. Be2 e6 5. Nbd2 Nbd7 6. b3 Bb4 7. 0-0 Bc3 8. Rb1 0-0 9. Ba3 Re8 10. b4 Bxd2 11. Qxd2 Ne4 12. Qe1 Bxf3 13. Bxf3 Ndf6 14. h3 h6 15. Qe2 Nc3 16. Qd3 Nxb1 17. Rxb1 c6 18. Qb3 Ne4 19. Rd1 b5 20. Qd3 f5 21. Bh5 Rf8 22. Bc1 Qg5 23. Bf3 a5 24. Qb3 a4 25. Qd3 Rf6 26. g3 Rg6 27. Bg2 Nxf2 28. Kxf2 Qxg3+ 0-1

[Event "Benidorm FEDC op 12th"]
[Site "Benidorm"]
[Date "2012.06.21"]
[Round "5"]
[White "Pigazo Martinez, Jose Maria"]
[Black "Alarcon Alarcon, Marina"]
[Result "0-1"]
[WhiteElo "1272"]
[BlackElo "1365"]
[PlyCount "74"]
[EventDate "2012.06.17"]
[EventType "swiss"]
[EventRounds "7"]
[EventCountry "ESP"]
[SourceTitle "EXT 2024"]
[Source "ChessBase"]
[SourceDate "2023.10.10"]
[SourceVersion "1"]
[SourceVersionDate "2023.10.10"]
[SourceQuality "1"]

1. e4 e5 2. Nf3 Nc6 3. d3 Nf6 4. Nc3 Bb4 5. Bd2 d6 6. a3 Bc5 7. b4 Bb6 8. Ne2 Ng4 9. h3 Nxf2 10. Bg5 f6 11. Qd2 Nxh1 12. Bh4 h6 13. Nfg1 g5 14. Bg3 Bxg1 15. Nxg1 Nxg3 16. c3 Be6 17. d4 d5 18. Bb5 Bd7 19. exd5 Ne7 20. Bd3 Nxd5 21. Bg6+ Kf8 22. Qd3 exd4 23. Qxg3 Qe7+ 24. Kf1 Bb5+ 25. Kf2 Qe3+ 26. Qxe3 dxe3+ 27. Kg3 e2 28. Re1 Nxc3 29. Bh5 Re8 30. Bxe8 Kxe8 31. Nf3 Kf7 32. Nd4 Rd8 33. Nf3 Rd1 34. Kf2 Ke6 35. Ke3 Kd5 36. Rxd1+ exd1Q 37. Nd2 Qe2# 0-1

[Event "Benidorm FEDC op 12th"]
[Site "Benidorm"]
[Date "2012.06.19"]
[Round "3"]
[White "Mesa Garcia, Angel"]
[Black "Alarcon Alarcon, Marina"]
[Result "1-0"]
[WhiteElo "1668"]
[BlackElo "1365"]
[PlyCount "55"]
[EventDate "2012.06.17"]
[EventType "swiss"]
[EventRounds "7"]
[EventCountry "ESP"]
[SourceTitle "EXT 2024"]
[Source "ChessBase"]
[SourceDate "2023.10.10"]
[SourceVersion "1"]
[SourceVersionDate "2023.10.10"]
[SourceQuality "1"]

1. e4 e5 2. Nf3 Nc6 3. Bb5 Nf6 4. 0-0 Be7 5. Nc3 0-0 6. d4 d6 7. Bxc6 bxc6 8. dxe5 dxe5 9. Qxd8 Rxd8 10. Nxe5 Bd7 11. h3 Bd6 12. Nxd7 Rxd7 13. Re1 Re8 14. Bg5 Be5 15. Na4 h6 16. Bxf6 Bxf6 17. c3 Re5 18. f4 Re8 19. e5 Bh4 20. Red1 Red8 21. Rxd7 Rxd7 22. Nc5 Rd2 23. Rb1 Bg3 24. Ne4 Rd3 25. Nxg3 Rxg3 26. Rd1 g5 27. Rd4 g4 28. Kf2 1-0